| 000 | 00600nam a2200205 a 4500 | ||
|---|---|---|---|
| 005 | 20210223124416.0 | ||
| 008 | 011002s1996 r 000 0 eng d | ||
| 020 | _a9508920300 | ||
| 035 | _aUPN01000112347 | ||
| 049 | _aCG | ||
| 050 | 4 |
_aRJ506 P6.9 _bT4.2 |
|
| 100 | 1 | _aTendlarz, Silvia Elena | |
| 245 | 1 | 1 |
_a¿De qué sufren los niños? : _bla psicosis en la infancia / _cSilvia Elena Tendlarz. |
| 260 |
_aBuenos Aires : _bLugar, _c1996. |
||
| 300 | _a171, x p. | ||
| 650 | 4 |
_aPSICOSIS EN NIÑOS _99355 |
|
| 650 | 4 | _aPSICOANALISIS INFANTIL | |
| 650 | 4 |
_aNIÑOS AUTISTAS _911936 |
|
| 905 | _aLibro | ||
| 999 |
_c86255 _d86255 |
||